Report of the Committee on Roads and Transport on the Contract Agreement between the Government of the Republic of Ghana (Represented by the Ministry of Roads and Highways [Department of Urban Roads]) and Janson Bridging International BV of Netherlands for an amount of Twenty-Eight Million, Five Hundred and Eighteen Thousand Euros (€28,518,000.00) for the Construction of Pedestrian Bridges at Hazardous Locations in Ghana, 2020 (Record no. 1692)

MARC details
000 -LEADER
fixed length control field 01264nam a2200181Ia 4500
003 - CONTROL NUMBER IDENTIFIER
control field OSt
005 - DATE AND TIME OF LATEST TRANSACTION
control field 20250703114302.0
008 - FIXED-LENGTH DATA ELEMENTS--GENERAL INFORMATION
fixed length control field 240429s9999||||xx |||||||||||||| ||und||
041 ## - LANGUAGE CODE
Language code of text/sound track or separate title eng
082 ## - DEWEY DECIMAL CLASSIFICATION NUMBER
Classification number CR/G&JBI/20
100 ## - MAIN ENTRY--PERSONAL NAME
Personal name Roads &Transport Committee
245 #0 - TITLE STATEMENT
Title Report of the Committee on Roads and Transport on the Contract Agreement between the Government of the Republic of Ghana (Represented by the Ministry of Roads and Highways [Department of Urban Roads]) and Janson Bridging International BV of Netherlands for an amount of Twenty-Eight Million, Five Hundred and Eighteen Thousand Euros (€28,518,000.00) for the Construction of Pedestrian Bridges at Hazardous Locations in Ghana, 2020
260 ## - PUBLICATION, DISTRIBUTION, ETC.
Name of publisher, distributor, etc. Parliamet of Ghana
Place of publication, distribution, etc. Accra
Date of publication, distribution, etc. 2020
300 ## - PHYSICAL DESCRIPTION
Extent 7p.: tabs.
650 ## - SUBJECT ADDED ENTRY--TOPICAL TERM
Topical term or geographic name entry element Report of the Committee on Roads and Transport on the Contract Agreement between the Government - Republic of Ghana (Represented by the Ministry of Roads and Highways [Department of Urban Roads]) an - Janson Bridging International BV of Netherlands for an amount of Twenty-Eight Million, - Five Hundred and Eighteen Thousand Euros (€28,518,000.00) for the Construction - Pedestrian Bridges at Hazardous Locations in Ghana, 2020
942 ## - ADDED ENTRY ELEMENTS (KOHA)
Koha item type Committee Reports
Source of classification or shelving scheme Dewey Decimal Classification
Suppress in OPAC No
Holdings
Withdrawn status Lost status Damaged status Not for loan Home library Current library Shelving location Date acquired Total checkouts Full call number Date last seen Copy number Price effective from Koha item type
        Main Library Main Library Open Shelves 16/09/2022   CR/G&JBI/20 3026 C2 - CR/G&JBI/20 3025 C1 29/04/2024 1 29/04/2024 Committee Reports
©2026  Parliament of Ghana Library - All rights reserved